| 000 | 01878nam a2200409 i 4500 | ||
|---|---|---|---|
| 003 | EG-ScBUE | ||
| 005 | 20240104112225.0 | ||
| 008 | 170710s2013 ua a f b 000 0 ara d | ||
| 017 | _a2010 / 21253 | ||
| 020 | _a9759777043632 | ||
| 040 |
_aEG-ScBUE _bara _erda _cEG-ScBUE _dEG-ScBUE |
||
| 043 | _af-ua--- | ||
| 082 | 0 | 4 |
_a962.02 _bم ر ج _222 |
| 245 | 0 | 2 |
_aالمرجع في تاريخ مصر في العصور الوسطى / _cتقديم ومراجعة زبيدة محمد عطا، حسنين محمد ربيع. |
| 246 | 3 | 0 | _aتاريخ مصر في العصور الوسطى |
| 250 | _aالطبعة الأولى. | ||
| 264 | 1 |
_aالقاهرة : _bالمجلس الأعلى للثقافة، _c2013. |
|
| 300 |
_a711 صفحة : _bإيضاحيات ؛ _c24 سم. |
||
| 336 |
_2rdacontent _aنص _btxt |
||
| 337 |
_aبدون وسيط _2rdamedia _bn |
||
| 338 |
_aمجلد _bnc _2rdacarrier |
||
| 490 | 0 |
_aمجلس الأعلى للثقافة. _aلجنة التاريخ |
|
| 504 | _aيشتمل على إرجاعات ببليوجرافية. | ||
| 590 | _aWessam | ||
| 651 | 7 |
_aمصر القديمة _xتاريخ _yالعصر الروماني _2BUEsh _931720 |
|
| 651 | 7 |
_aمصر _xتاريخ _yالعصر القبطي 284-642م. _2BUEsh |
|
| 651 | 7 |
_aمصر _xتاريخ _yالعصر الطولوني 868-905م. _2BUEsh |
|
| 651 | 7 |
_aمصر _xتاريخ _yالعصر الإخشيدي 943-969م. _2BUEsh |
|
| 651 | 7 |
_aمصر _xتاريخ _yالعصر الفاطمي 969-1171 م. _2BUEsh _921649 |
|
| 651 | 7 |
_aمصر _xتاريخ _yالعصر الأيوبي 1171-1250م. _2BUEsh |
|
| 651 | 7 |
_aمصر _xتاريخ _yعصر المماليك 1250-1517م. _2BUEsh _929254 |
|
| 653 |
_bGGEN _cJuly2017 |
||
| 655 | _vReading book | ||
| 700 | 1 |
_aعطا، زبيدة محمد. _eمقدم، _eمراجع. |
|
| 700 | 1 |
_aربيع، حسنين محمد. _eمقدم، _eمراجع. |
|
| 942 | _2ddc | ||
| 999 |
_c25012 _d24984 |
||